| 000 | 00428nam a2200169 a 4500 | ||
|---|---|---|---|
| 001 | 332 | ||
| 003 | CDMR | ||
| 005 | 20130515102540.0 | ||
| 008 | 130130s1986||||||||||||||||||||||||||||d | ||
| 020 | _a843836647X | ||
| 040 |
_aCDMR _bcat _cCDMR |
||
| 110 | 2 |
_aAvui (Diari) _9222 |
|
| 245 | 1 | 0 |
_aAvuí 1976-1986 _b:10è aniversari |
| 260 |
_aBarcelona _c1986 _bPremsa Catalana |
||
| 610 | 2 |
_9222 _aAvui (Diari) _xHistòria |
|
| 942 |
_cMON _2udc |
||
| 999 |
_c332 _d332 |
||